000 00743nam a2200253Ia 4500
008 180620s9999 xx 000 0 und d
020 _a978-1-84476-361-0
050 _aREF TX 879
050 _b.B44 2007
100 _aBeech, Rick.
245 0 _a100 classic napkin folds :
245 0 _bsimple and stylish designs for every occasion : over 700 step-by-step photogprahs show you how to make stunning folds to a professional level /
245 0 _cRick Beech.
260 _aLondon :
260 _bSouthwater,
260 _c2007
300 _a160 pages :
300 _bcolored illustrations ;
300 _c30 cm.
500 _aIncludes index.
650 _aNapkin folding.
650 _aTextile crafts.
650 _xNapkins.
999 _c358054
_d358054